000 00551nam a2200205Ia 4500
005 20250508165032.0
008 008 250505s9999 xx 000 0 eng d
037 _aTextual
040 _aFEDL
_beng
_cFEDL
041 _aeng
_2eng
084 _a621.310 42, IVA
_qFEDL
100 _aIvanov-Smolensky A
_9779778
245 0 _aElectrical machines. Vol 3
260 _aMoscow
_bMir Publishers
_c1983
300 _a280p.
365 _aINR
_b19
546 _aMACESE
942 _cTEXL
_h621.310 42, IVA
999 _c1392773
_d1392773